Statistics for Ivory Coast Country Quiz

Click here to take the quiz!

General Stats

  • This quiz has been taken 8,288 times
    (7,900 since last reset)
  • The average score is 12 of 16

Answer Stats

QuestionAnswer% Correct
Official languageFrench
97%
Bordering countriesGhana
94%
Country whose flag looks very similar to that of the Ivory Coast:
Ireland
92%
Bordering countriesLiberia
89%
Official name of the Ivory CoastCôte d'Ivoire
88%
Bordering countriesBurkina Faso
88%
Bordering countriesGuinea
87%
Bordering countriesMali
87%
The "Basilica of Our Lady of Peace" in the Ivorian capital is one of the largest
churches in the world. Which Vatican City church inspired its design?
{St}. {Peter}'s Basilica
82%
The Ivory Coast is the #1 producer of this beanCocoa
82%
Think about the name of the country. Got it? Now... what is the name of the
Ivorian national football team?
The {Elephant}s
75%
Capital of the Ivory CoastYamoussoukro
62%
Most populous cityAbidjan
61%
All-time top scorer for the Ivorian football team (initials D.D.)Didier Drogba
58%
American pop singer who was declared the king of the Ivorian kingdom of Sanwi in 1992Michael Jackson
53%
Tree sap product that is one of the Ivory Coast's most important exportsRubber
48%

Score Distribution

Percentile by Number Answered

Percent of People with Each Score

Your Score History

You have not taken this quiz since the last reset